| 000 | nam a22 7a 4500 | ||
|---|---|---|---|
| 999 |
_c44106 _d44106 |
||
| 003 | OSt | ||
| 005 | 20180503101234.0 | ||
| 008 | 180503b xxu||||| |||| 00| 0 eng d | ||
| 040 | _cIIMT UNIVERSITY, MEERUT | ||
| 050 |
_a621.252AGR _b294 |
||
| 082 |
_215 _a621.252AGR _b294 |
||
| 100 | _aAGARWAL, B K | ||
| 245 |
_aINTRODUCTION TO ENGINEERING MATERIALS _cAUTHOR _hENGLISH |
||
| 250 | _a15 | ||
| 260 |
_aDELHI _bTMH _c2004 |
||
| 300 | _b15TH ED. 353 P P. | ||
| 760 | _b15TH | ||
| 856 | _3PAPERBACK | ||
| 887 | _2ACCESSION REGISTER | ||
| 942 |
_2ddc _c01 _e15TH _hTITLE _iBOOK _k621.252AGR _m621.252AGR |
||